Electrical Engineering Drwaing (Record no. 4700)

MARC details
000 -LEADER
fixed length control field 00411nam a22001697a 4500
005 - DATE AND TIME OF LATEST TRANSACTION
control field 20160705094931.0
008 - FIXED-LENGTH DATA ELEMENTS--GENERAL INFORMATION
fixed length control field 160629b xxu||||| |||| 00| 0 eng d
020 ## - INTERNATIONAL STANDARD BOOK NUMBER
ISBN 978-93-5014-305-6
041 ## - LANGUAGE CODE
Language code of text/sound track or separate title eng
082 ## - DEWEY DECIMAL CLASSIFICATION NUMBER
Item number 11045
100 ## - MAIN ENTRY--AUTHOR NAME
Personal name Singh, Surjeet
245 ## - TITLE STATEMENT
Title Electrical Engineering Drwaing
260 ## - PUBLICATION, DISTRIBUTION, ETC. (IMPRINT)
Name of publisher Katson Books
Year of publication 2012
300 ## - PHYSICAL DESCRIPTION
Number of Pages 208
650 ## - SUBJECT ADDED ENTRY--TOPICAL TERM
Topical Term Deploma Engineering
942 ## - ADDED ENTRY ELEMENTS (KOHA)
Koha item type Books
Holdings
Lost status Damaged status Home library Current library Shelving location Date acquired Cost, normal purchase price Full call number Accession Number Koha item type Collection code
    JRU Library   SHELF-36-A 29/06/2016 145.00 11045 11045 Books  
    JRU Library   SHELF-36-A 29/06/2016 145.00 11045 11046 Books  
    JRU Library   SHELF-36-A 29/06/2016 145.00 11045 11047 Books  
    JRU Library   SHELF-36-A 29/06/2016 145.00 11045 11048 Books  
    JRU Library   SHELF-36-A 29/06/2016 145.00 11045 11049 Books  
    JRU Library   SHELF-36-A 29/06/2016 145.00 11045 11050 Books  
    JRU Library   SHELF-36-A 29/06/2016 145.00 11045 11051 Books  
    JRU Library   SHELF-36-A 29/06/2016 145.00 11045 11052 Books  
    JRU Library   SHELF-36-A 29/06/2016 145.00 11045 11053 Books  
    JRU Library   SHELF-36-A 29/06/2016 145.00 11045 11054 Books  
    JRU Library   SHELF-36-A 29/06/2016 145.00 11045 11055 Books  
    JRU Library   SHELF -72- G 29/06/2016 145.00 11045 11056 Books Reference
    JRU Library   SHELF-36-A 29/06/2016 145.00 11045 11057 Books  
    JRU Library   SHELF-36-A 29/06/2016 145.00 11045 11058 Books